000
00330nam a22001337a 4500
020
_a
8178210810
082
_a
221 THO4
100
_a
Thomas, M.M.
245
_a
Everything is Vanity: A Deviant Perspective(Eclesiastes)
260
_a
Tiruvalla, Kerala
_b
CSS Books
_c
2008
300
_a
117
650
_a
Old Testament
942
_c
BK
999
_c
22706
_d
22706